A vivenda das orquídeas (Record no. 45827)

MARC details
000 -Etiqueta do registo
Valores 00535cam a22001931 4500
100 ## - Dados gerais de processamento
Dados gerais 19931213d1943 m y0pory5003 ba
101 0# - Língua de publicação
Língua por
102 ## - País de publicação
País PT
200 1# - Titulo e menção de responsabilidade
Título próprio A vivenda das orquídeas
Primeira menção de responsabilidade Albert Bonneau
Outras menções de responsabilidade trad. José de Oliveira
210 #9 - Publicação
Local de publicação Lisboa
Nome do editor Livraria Clássica,
Data de publicação 1943
215 ## - Descrição física 
Paginação / Volumes 203, [3] p.
Dimensões 18 cm
225 2# - Colecção 
Título próprio da colecção Os melhores romances policiais
Indicação de volume 55
675 ## - CDU
Notação 821.133.1-312.4
700 #1 - Autor principal
Apelido Voussac,
Nome Jean,
702 #1 - Autor secundário
ID Autoridade 2
Apelido Oliveira,
Nome José
Função 730
801 #0 - Fonte de origem
País PT
Agência BN
Regras de catalogação RPC
990 ## - Elementos KOHA
Tipo de documento Livro
Holdings
Aquisição Empréstimo Código de barras Cota Permissão de empréstimo Tipo de documento
Biblioteca Municipal de Redondo Biblioteca Municipal de Redondo 057058 821.133.1-3 BON   Livro

Powered by Koha